000 01005nam a2200325 a 4500
001 991047830809706706
003 ES-BaIT
005 20260202125619.0
008 981203s1998 fr a || 000 ||fre|c
020 _a2738465595
035 _a(ES-BaCBU).b22583129
035 _a(OCoLC)807219986
040 _aES-BaCBU
_bcat
_cES-BaCBU
080 _a069.53.01
080 _a7
100 1 _aGuelton, Bernard
_9168284
245 1 2 _aL'Exposition :
_binterprétation et réinterprétation /
_cBernard Guelton
260 _aParis :
_bL'Harmattan,
_ccop. 1998
300 _a203 p. :
_bil
504 _aBibliografia
650 0 0 _aArt
_xExposicions
_9129201
650 0 7 _aMuseologia
_2lemac
_957331
650 0 7 _aExposicions
_956872
655 7 _aCatàlegs d'exposicions
_2thub
830 _aCollection L'ouverture philosophique
_9168285
907 _a.b22583129
_b16-06-21
_c07-05-08
_d03-12-98
_em
_fa
_g-
_hfre
_ifr
_j2
_k1
908 _aUAB
_aUB
_aMACBA
_aFMJC
_aMTà
_aCDMAE
940 _aUB
942 _2udc
_c1
999 _c136988
_d136988